| 000 | 00718cam a2200205 4500 | ||
|---|---|---|---|
| 001 | ABS61753 | ||
| 008 | 000000n2000 000 0 eng u | ||
| 035 | _a(Sirsi) u103812 | ||
| 245 | _aBR 211 Radon: guidance on protective measures for new dwellings, 1999 edition | ||
| 260 | _c2000 | ||
| 490 |
_aBuilding Engineer _v75(1) January 2000, 23(1) |
||
| 520 | _aOutlines the latest guidance relating to radon. Looks at transitional provisions, background to the new guidance and changes introduced by the new document. | ||
| 590 | _aABS | ||
| 650 | _aRADON | ||
| 650 | _aBUILDING REGULATIONS 1991 | ||
| 650 | _aNEW DWELLINGS | ||
| 650 | _aBR 211 | ||
| 690 | _aBUILT ENVIRONMENT-BUILDING STANDARDS | ||
| 942 | _n0 | ||
| 999 |
_c62339 _d62339 |
||